| 000 | 01047nas a2200349 4500 | ||
|---|---|---|---|
| 001 | BR2016001908 | ||
| 003 | BR-BrBNA | ||
| 005 | 20231205130336.0 | ||
| 007 | ta | ||
| 008 | 230509b bl.|||p| |||| 00| 00por d | ||
| 040 |
_aBR-BrBNA _bpor _cBiblioteca Nacional de Agricultura |
||
| 041 | _a(Pt) | ||
| 072 | _aL72; L73 | ||
| 100 | 1 | _aNeves, R.C.S.M. | |
| 100 | 1 | _aMateus, L.A.F. | |
| 100 | 1 | _aLima, S.R. | |
| 100 | 1 | _aCrus, F.A.C.S. | |
| 100 | 1 | _aRosa, J.G. | |
| 100 | 1 | _aFerraz, R.H.S. | |
| 100 | 1 | _aMendonça, A.J. | |
| 100 | 1 | _aBarros, L.A. | |
| 245 | 1 | _aAvaliação dos métodos de otoscopia e exame do swab parasitológico no diagnóstico da otocariose canina: uma abordagem bayesiana | |
| 650 | _aCÃO | ||
| 650 | _aGATO | ||
| 650 | _aPARASITO DE ANIMAL | ||
| 650 | _aÁCARO | ||
| 650 | _aOTITE | ||
| 650 | _aDOENÇA ANIMAL | ||
| 773 | 0 |
_tPesquisa Veterinária Brasileira (Brazil) _xISSN 0100-736X _g(Jul 2015), v. 35(7) p. 659-663 _wBR2016001908 |
|
| 909 |
_a202311 _bLúcia _c55 _dLúcia Elande |
||
| 942 |
_2AGRIS _n0 _cANA |
||
| 999 |
_c248942 _d248942 |
||